000 00549nam a22001577a 4500
999 _c524710
_d524710
003 NUST
038 _aMr. Zahoor
082 _a620.005
100 _aMuhammad Muddasir ul Hasan
_915503
245 _aEFFECT OF TRANSFORMATIONAL LEADERSHIP IN TRANSFORMATION OF HIGHER REDUCTION INSTITUTIONS OF PAKISTAN INTO LEARNING ORGANIZATIONS /
_cMuhammad Muddasir ul Hasan
260 _aIslamabad :
_bCEME - NUST,
_c2013.
300 _axvi, 113 p. : ill. ;
_c30 cm.
500 _aHardcover.
600 _2Engineering Management - MS Thesis
942 _2ddc
_cTHE